| 000 | 00766nam a2200217 a 4500 | ||
|---|---|---|---|
| 001 | 090365 | ||
| 003 | BD-ChCU | ||
| 005 | 20251208122838.0 | ||
| 008 | 251208 Ben | ||
| 040 |
_aDLC _cDLC _dBD-ChCU |
||
| 082 | 0 | 0 |
_a _2 ৮১৩.০১৮ খান ৫ প্র |
| 100 |
_aখান, নুরুল ইসলাম _b- _917684 |
||
| 245 | 1 | 0 |
_a প্রবালের দিন / _b _cনুরুল ইসলাম খান |
| 250 | _a | ||
| 260 |
_aঢাকা : _bএকাডেমিক পাব., _cc১৯৮৫ |
||
| 300 | _a১০৪পৃ. : | ||
| 504 | _a- Biblio- | ||
| 650 | 0 |
_aবাংলা ছোট গল্প - আধুনিক যুগ বাংলা ছোট গল্প _b _917683 |
|
| 700 | 1 | _a- | |
| 942 |
_2ddc _cBK |
||
| 999 |
_c110228 _d110228 |
||